00438nam a22001577a 450000500170000001000180001702000260003503500180006103700250007908200110010410000200011524500440013526000310017927000450021030000250025520120511104132.0 aB-459075-9089 a9788184245035c550.00 aB-459075-9089 adplbAllied Pub /Ven a954.09 aGandhi, Kishore aIndia beyond sixty /cby Kishore Gandhi aNew DelhibAllied Pub /Ven a1/13-14 Asaf ali roadbNew Delhie110002 axxiii,519pc23cm(Hb)